logo

Bir Sreshtho Munshi Abdur Rouf Library
Jhenaidah Cadet College

QUAID- I - AZAM / (Record no. 4120)

MARC details
000 -LEADER
fixed length control field 00600nam a2200217 a 4500
001 - CONTROL NUMBER
JCCL Control Number 4120
003 - CONTROL NUMBER IDENTIFIER
JCCL marc code BD-JhCC
005 - DATE AND TIME OF LATEST TRANSACTION
control field 20171123092610.0
008 - FIXED-LENGTH DATA ELEMENTS--GENERAL INFORMATION
fixed length control field 171123s1958 Pk a|||| |||| 000 0 eng d
035 ## - SYSTEM CONTROL NUMBER
system control number (BD-JhCC) 4120
040 ## - CATALOGING SOURCE
Original cataloging agency BD-JhCC
Modifying agency BD-JhCC
041 ## - LANGUAGE CODE
Language code of Book eng
082 ## - DEWEY DECIMAL CLASSIFICATION NUMBER
Classification number 954.9042092
Author mark and Year WAL 1958
100 ## - MAIN ENTRY--PERSONAL NAME
Personal name Walton, John
245 ## - TITLE STATEMENT
Title QUAID- I - AZAM /
Remainder of title The story of Mohammed Ali Jinnah
Statement of responsibility, etc John Walton
260 ## - PUBLICATION, DISTRIBUTION, ETC. (IMPRINT)
Place of publication, distribution, etc Pakistan :
Name of publisher, distributor, etc Oxford University press,
Date of publication, distribution, etc 1958.
300 ## - PHYSICAL DESCRIPTION
Pagination 44 p.
Other physical details ill. ;
Dimensions 18 c.m.
650 ## - SUBJECT ADDED ENTRY--TOPICAL TERM
Topical term or geographic name as entry element Politics and government
Geographic subdivision Pakistan
942 ## - ADDED ENTRY ELEMENTS (KOHA)
Source of classification or shelving scheme Dewey Decimal Classification
Koha item type Books
Holdings
Source of classification or shelving scheme Damaged status Not for loan Home library Current library Shelving location Date of accession Total Checkouts Full call number Barcode Date last seen Copy number Koha item type
Dewey Decimal Classification     JCC Rouf Library JCC Rouf Library General Stacks 11/23/2017   954.9042092 WAL 1958 5613 11/23/2017 C-1 Books

JCC Library | Contacts | JCC Home

Last Update on 23 September 2017
Copyright @ 2017-2020 JCC Rouf Library
Rouf Library, Jhenidah Cadet College (JCC), Bangladesh